[Event "French Blitz op"]
[Site "Saint Maur des Fosses"]
[Date "2024.06.16"]
[Round "4"]
[White "Fruchard, Cyrille"]
[Black "Moussard, Jules"]
[Result "0-1"]
[WhiteElo "2274"]
[BlackElo "2610"]
[PlyCount "114"]
[EventDate "2024.06.16"]
[EventType "swiss (blitz)"]
[EventRounds "13"]
[EventCountry "FRA"]
[SourceTitle "CB27_2024"]
[SourceDate "2024.07.03"]
[SourceVersion "1"]
[SourceVersionDate "2024.07.03"]
[SourceQuality "1"]

1. d4 d6 2. e4 g6 3. Nc3 Bg7 4. Nf3 a6 5. a4 Nf6 6. Be2 0-0 7. 0-0 Nc6 8. d5 Nb4 9. a5 e6 10. Ra4 c5 11. dxc6 Nxc6 12. Bg5 h6 13. Bf4 e5 14. Be3 Be6 15. Bb6 Qb8 16. Nd5 Bxd5 17. exd5 Ne7 18. c4 Nd7 19. Be3 e4 20. Nd4 Qc7 21. b3 Kh7 22. Qd2 Nc5 23. Ra3 Rac8 24. Bf4 g5 25. Be3 Kg8 26. h4 f5 27. f4 gxf4 28. Bxf4 Rf6 29. b4 Nd3 30. Bxd3 exd3 31. Rc1 Ng6 32. Rxd3 Qf7 33. Ne6 Nxh4 34. Rg3 Rg6 35. Qf2 Rxg3 36. Qxg3 Ng6 37. Bxd6 Kh7 38. Bf4 Bb2 39. Rc2 Bf6 40. Qh2 Nxf4 41. Qxf4 Rg8 42. Qxf5+ Kh8 43. Rf2 Rg6 44. d6 Qg8 45. d7 Be7 46. c5 Rxe6 47. Qf3 Re1+ 48. Rf1 Re5 49. Qc3 Qg7 50. Qf3 Rg5 51. Qxb7 Qd4+ 52. Rf2 Rf5 53. Qb8+ Kh7 54. Qg3 Qd1+ 55. Kh2 Rh5+ 56. Qh3 Rxh3+ 57. gxh3 Qxd7 0-1

[Event "French Blitz op"]
[Site "Saint Maur des Fosses"]
[Date "2024.06.16"]
[Round "7"]
[White "Moussard, Jules"]
[Black "Solodovnichenko, Yuri"]
[Result "1-0"]
[WhiteElo "2610"]
[BlackElo "2481"]
[PlyCount "47"]
[EventDate "2024.06.16"]
[EventType "swiss (blitz)"]
[EventRounds "13"]
[EventCountry "FRA"]
[SourceTitle "CB27_2024"]
[SourceDate "2024.07.03"]
[SourceVersion "1"]
[SourceVersionDate "2024.07.03"]
[SourceQuality "1"]

1. e4 c5 2. Nf3 d6 3. d4 Nf6 4. Nc3 cxd4 5. Qxd4 Bd7 6. h3 Nc6 7. Qe3 e6 8. b3 Qa5 9. Bb2 d5 10. 0-0-0 Nxe4 11. Nxe4 dxe4 12. Qxe4 Qxa2 13. Rxd7 Ba3 14. Bxa3 Qxa3+ 15. Kb1 Kxd7 16. Bb5 Ke7 17. Bxc6 bxc6 18. Ne5 f6 19. Nxc6+ Kf7 20. Rd1 Rae8 21. Rd7+ Kg8 22. Nd8 Qa6 23. Qg4 g6 24. Qf4 1-0

[Event "French Blitz op"]
[Site "Saint Maur des Fosses"]
[Date "2024.06.16"]
[Round "9"]
[White "Moussard, Jules"]
[Black "Travadon, Loic"]
[Result "1/2-1/2"]
[WhiteElo "2610"]
[BlackElo "2445"]
[PlyCount "80"]
[EventDate "2024.06.16"]
[EventType "swiss (blitz)"]
[EventRounds "13"]
[EventCountry "FRA"]
[SourceTitle "CB27_2024"]
[SourceDate "2024.07.03"]
[SourceVersion "1"]
[SourceVersionDate "2024.07.03"]
[SourceQuality "1"]

1. e4 c6 2. Nf3 d5 3. d3 g6 4. Nbd2 Bg7 5. g3 e5 6. Bg2 Ne7 7. 0-0 0-0 8. Re1 d4 9. Nc4 Qc7 10. a4 c5 11. c3 Nbc6 12. Bd2 dxc3 13. bxc3 Rd8 14. Qc2 h6 15. Be3 b6 16. Nfd2 Be6 17. Reb1 Nd4 18. Qd1 Ndc6 19. Bf1 Rab8 20. Rb2 Nc8 21. Qb1 Nd6 22. Nxd6 Qxd6 23. Nc4 Bxc4 24. dxc4 h5 25. Qc1 Kh7 26. Rd2 Qf8 27. Rd5 Ne7 28. Rxd8 Qxd8 29. a5 Qc7 30. axb6 axb6 31. Ra2 Ng8 32. Rd2 Bh6 33. Bxh6 Nxh6 34. Qd1 Qc6 35. Rd5 Kg7 36. Rxe5 Ng4 37. Rd5 Nf6 38. Rd8 Rxd8 39. Qxd8 Nxe4 40. Qd3 Nf6 1/2-1/2